Analýza vplyvu mechanického namáhania na štruktúru supravodivývh vrstiev na báze (RE)BCO v kábloch s kruhovým prierezom

Guardado en:
Detalles Bibliográficos
Autor principal: Šoka, Lukáš (Autor)
Otros Autores: Pekarčíková, Marcela (Orientador)
Formato: Manuscrito Libro
Lenguaje:eslovaco
Publicado: 2016
Materias:
Acceso en línea:http://is.stuba.sk/zp/portal_zp.pl?podrobnosti=118437
Etiquetas: Agregar Etiqueta
Sin Etiquetas, Sea el primero en etiquetar este registro!

MARC

LEADER 00000ntm a22000003a 4500
001 stuzp56331
003 SK-STU
005 20160719154952.4
007 ta
008 150427s2015----xo-----f-mn---000-0-slo-d
040 |a STU  |b slo 
041 0 |a slo 
100 1 |a Šoka, Lukáš  |u 061000  |k Z4  |4 aut  |U MTF Materiálovotechnologická fakulta  |T MTF Ústav materiálov  |X 23157  |U M1000  |Y 81  |7 A000023157 
242 0 1 |a Analysis of mechanical load influence on the structure of (RE)BCO based superconducting layers in cables with round diameter  |y eng 
245 1 0 |a Analýza vplyvu mechanického namáhania na štruktúru supravodivývh vrstiev na báze (RE)BCO v kábloch s kruhovým prierezom 
260 |c 2016 
650 4 |a supravodivosť  |2 slo 
650 4 |a vysokoteplotný supravodič  |2 slo 
650 4 |a (RE)BCO  |2 slo 
650 4 |a mechanické namáhanie HTS pások  |2 slo 
650 4 |a superconductivity  |2 eng 
650 4 |a high temperature superconductor  |2 eng 
650 4 |a (RE)BCO  |2 eng 
650 4 |a mechanical loading of HTS tapes  |2 eng 
700 1 |a Pekarčíková, Marcela  |u 061000  |k Z2  |4 ths  |U MTF Materiálovotechnologická fakulta  |T MTF Ústav materiálov  |X 4722  |U M1000  |Y 81  |7 A000004722 
856 4 |u http://is.stuba.sk/zp/portal_zp.pl?podrobnosti=118437 
996 |c M* DP-12774  |l MMSKP  |s P  |a 0  |w stuzp56331_0001 
SQL |a stuzp56331  |b DDP  |c SLO  |d Analýza vplyvu mechanického namáhania na štruktúru supravodivývh vrstiev na báze (RE)BCO v kábloch s kruhovým prierezom  |e 23157  |f Šoka, Lukáš  |g 061000  |h 4722  |i Pekarčíková, Marcela  |j 20160603  |k 667  |l 06  |m http://is.stuba.sk/zp/portal_zp.pl?podrobnosti=118437  |n I-MI  |o 5.2.26. materiály